| 000 | 00773nam a22002415a 4500 | ||
|---|---|---|---|
| 005 | 20161127121034.0 | ||
| 008 | 161127r20152013ii a frb 001 0 eng d | ||
| 020 | _a9788123922447 | ||
| 040 |
_aEG-ScBUE _beng _cEG-ScBUE _dEG-ScBUE |
||
| 082 | 0 | 4 |
_222 _a617.695 _bBHA |
| 100 | 1 | _aBhat, V. Shama. | |
| 245 | 1 | 0 |
_aScience of dental materials : _bclinical applications / _cShama V. Bhat, BT Nandish. |
| 250 | _a2nd ed., Reprint ed. | ||
| 260 |
_aNew Delhi : _bCBS Publishers & Distributors PVT Ltd., _c2015. |
||
| 300 |
_axxi, 362 p. : _bill. ; _c28 cm. |
||
| 500 | _aReprinted of the 2013 ed. | ||
| 500 | _aIndex : p. 359-352. | ||
| 650 | 7 |
_2BUEsh _930155 _aDental materials. |
|
| 651 | _2BUEsh | ||
| 653 |
_bDDent _cNovember2016 |
||
| 700 | 1 | _aNandish, BT. | |
| 942 | _2ddc | ||
| 999 |
_c23350 _d23322 |
||